Statistics for Countries with the least percentage of people living in the capital

Click here to take the quiz!

General Stats

  • This quiz has been taken 26 times
  • The average score is 8 of 14

Answer Stats

Percentage:Country% Correct
0.21%USA
100%
1.33%Brazil
96%
1.53%Australia
87%
1.52%China
87%
1.1%India
87%
0.45%Nigeria
74%
0.48%Pakistan
70%
0.8%Tanzania
52%
0.58%Sri Lanka
48%
1.74%Myanmar
43%
1.51%Switzerland
39%
1.87%Palau
26%
1.45%Malta
22%
1.88%Gambia
13%

Score Distribution

Percentile by Number Answered

Percent of People with Each Score

Your Score History

You have not taken this quiz